Women's AFCON Hosts - Statistics

General Stats
  • This quiz has been taken 12 times
  • The average score is 13 of 14
Answer Stats
Hint Answer % Correct
2016 Cameroon
100%
2022 Morocco
100%
2024 Morocco
100%
2026 Morocco
100%
2000 South Africa
100%
2004 South Africa
100%
2010 South Africa
100%
2018 Ghana
92%
1998 Nigeria
92%
2002 Nigeria
92%
2006 Nigeria
92%
2008 Equatorial Guinea
75%
2012 Equatorial Guinea
75%
2014 Namibia
75%
No matching quizzes found
Score Distribution
Percent of People with Each Score
Percentile by Number Answered
Your Score History
You have not taken this quiz